La fête à la maison - Statistiques

Statistiques générales
  • Ce quiz a été pris 35 fois
  • Le résultat moyen est 7 sur 11
Statistiques - réponses
Par images Réponse % Correct
DJ Tanner
84%
Michelle Tanner
84%
Joey Gladstone
76%
Stephanie Tanner
76%
Steve Hale
76%
Danny Tanner
72%
Kimmy Gibbler
72%
Jesse Katsopolis
68%
Comet Tanner
56%
Rebecca Donaldson
56%
Alex et Nicky Katsopolis
24%
Aucun quiz correspondant
Distribution des résultats
% des personnes avec chaque résultat
Percentile par nombre de réponses
Votre historique - résultats
Vous n’avez pas pris ce quiz